01130nam a2200265 a 4500001001000000003000900010005001700019008004100036020001800077040002500095082002500120100003600145245007600181260003900257300003600296490007400332500004300406504005400449650004700503651006600550651005500616651005400671710007300725830006600798000014921DO-SdBNP20230511100333.0100127s2008 dr 001 0 spa d a9789945162448 aDO-SdBNPbspacBNPHU 4a972.93697bH565j2221 aHerrera, Rafael Vinicio,d1957-10aJarabacoa :borigen y desarrollo histórico /cRafael Vinicio Herrera. aJarabacoa, :bCPEC,c2008.fBúho a330 p. :bil., retrs. ;c24 cm.1 aPublicaciones de la Comisión Permanente de Efemérides Patriasv31 aIncluye datos biográficos del autor. aIncluye referencias bibliográficas (p. 309-327) 4aCiudades y puebloszRepública Dominicana 4aJarabacoa (República Dominicana)xVida Social Y Costumbres 4aJarabacoa (República Dominicana)xHistoria local 4aJarabacoa (República Dominicana)xDescripción1 aRepública DominicanabComisión Permanente de Efemérides Patria 0aPublicaciones de la Comisión Permanente de Efeméridesv31